000
00322nam a2200133Ia 4500
005
20251222143259.0
008
251222s9999||||xx |||||||||||||| ||spa||
020
_a
84-224-0798-1
082
_a
616.852.7/C28
100
_a
Cardona Pescador, Juan
245
0
_a
La Depresión:
264
_b
Cientifico Medica
942
_c
LIB
999
_c
15262
_d
15262